[Event "AUTO-INT-618"]
[Site "http://www.queenalice.com/game.php?id=272491"]
[Date "2007.9.16"]
[Round "1"]
[White "Lopestg"]
[Black "Chazam"]
[Result "1-0"]
[WhiteElo "1533"]
[BlackElo "1456"]

1. e4 e6 2. Nc3 c5 3. Qf3 Nc6 4. Nh3 Ne5 5. Qg3 a6 6. Qxe5 f6 7. Qh5+ g6 8. Qf3
Bd6 9. Bc4 b5 10. e5 Rb8 11. exd6 bxc4 12. O-O 1-0

[Event "AUTO-INT-618"]
[Site "http://www.queenalice.com/game.php?id=272492"]
[Date "2007.9.16"]
[Round "1"]
[White "Chazam"]
[Black "Lopestg"]
[Result "0-1"]
[WhiteElo "1456"]
[BlackElo "1554"]

1. e4 e5 2. Nf3 Nc6 3. Nc3 Qe7 4. d3 d6 5. Nd5 Qd7 6. d4 f6 7. g3 Nge7 8. Nxe7
Qxe7 9. d5 Na5 10. Bd2 Bg4 11. h3 Bh5 0-1

[Event "Challenge"]
[Site "http://www.queenalice.com/game.php?id=272664"]
[Date "2007.9.16"]
[Round "-"]
[White "Lopestg"]
[Black "fbn"]
[Result "1-0"]
[WhiteElo "1455"]
[BlackElo "1619"]

1. e4 e6 2. Qf3 Nc6 3. Nc3 a6 4. d3 Nd4 5. Qd1 Bb4 6. Bd2 b5 7. Nf3 Nc6 8. a3
Be7 9. b4 h6 10. Qe2 Nf6 11. h3 O-O 12. e5 Ne8 13. Qe3 d6 14. d4 d5 15. h4 f6
16. Bd3 f5 17. Qf4 Kh7 18. g4 g6 19. Qxh6+ Kg8 20. Qxg6+ Ng7 21. Ng5 Bxg5 22.
hxg5 Ne7 23. Qh7+ Kf7 24. Qh3 Ng6 25. O-O-O a5 26. Nxb5 axb4 27. Bxb4 Re8 28.
Bd2 Ba6 29. gxf5 Bxb5 30. fxg6+ Ke7 31. Bxb5 Rf8 32. Bb4+ 1-0

[Event "Let's Play Chess!"]
[Site "http://www.queenalice.com/game.php?id=272720"]
[Date "2007.9.16"]
[Round "-"]
[White "bjphillips"]
[Black "Lopestg"]
[Result "1-0"]
[WhiteElo "1500"]
[BlackElo "1575"]

1. e4 e6 2. d4 h6 3. Nd2 d5 4. Ngf3 Nc6 5. c3 f5 6. exd5 exd5 7. Bd3 Bd6 8. O-O
Nf6 9. Re1+ Kf8 10. Ne5 Ng4 11. Ndf3 a6 12. Bf4 Qe8 13. Nxg4 Qg6 14. Nge5 Bxe5
15. Bxe5 b5 16. Qc2 b4 17. Nh4 Qg4 18. Nxf5 a5 19. Bxc7 Ra7 20. Bd6+ Kf7 21. Ng3
Re8 22. Rxe8 Kxe8 23. Bg6+ Kd8 24. Re1 Bd7 25. Nh5 Ne7 26. Bxe7+ Kc8 27. Nxg7
bxc3 28. Qxc3+ Kb8 29. Bd6+ Ka8 30. Qd3 Rb7 31. Ne8 Bxe8 32. Rxe8+ Ka7 33. Bc5+
Rb6 34. Bxb6+ Kxb6 35. Qb3+ Kc6 36. Rc8+ Qxc8 37. Qc3+ Kd7 38. Bf5+ 1-0

[Event "AUTO-OPEN-839"]
[Site "http://www.queenalice.com/game.php?id=275918"]
[Date "2007.9.23"]
[Round "1"]
[White "Lopestg"]
[Black "Camaraujo"]
[Result "1-0"]
[WhiteElo "1582"]
[BlackElo "1993"]

1. e4 Nf6 2. e5 Ng4 3. Qxg4 d6 4. Qf4 f6 5. exf6 gxf6 6. Nc3 e5 7. Qe4 Na6 8.
Bxa6 bxa6 9. Qxa8 Bf5 10. Qc6+ Bd7 11. Qxa6 Rg8 12. g3 Qa8 13. f3 Bc6 14. Nb5 e4
15. Nxc7+ Ke7 16. Nxa8 Bxa8 17. d3 exf3 18. Be3 f2+ 19. Bxf2 Bxh1 20. O-O-O Bh6+
21. Kb1 Rc8 22. Re1+ Kd7 23. Qxa7+ Rc7 24. Qa6 Bc6 25. Ne2 Rc8 26. Nd4 Bd5 27.
Qa7+ Rc7 28. Qa4+ Bc6 29. Qc4 d5 30. Qb4 Rb7 31. Qe7+ Kc8 32. Qxf6 Bd7 33. Qxh6
Rc7 34. Qf8+ Kb7 35. Nb3 Rc8 36. Na5+ Ka8 37. Qd6 Bb5 38. Qxd5+ Bc6 39. Nxc6 Rc7
40. Qa5+ Kb7 41. Qb5+ Kc8 42. Qb8+ Kd7 43. Ne5+ Kd6 44. Qd8+ Ke6 45. Nc6+ Kf5
46. Qd5+ Kg6 47. Re6+ Kg7 48. Qg5+ Kf7 49. Qf6+ Kg8 50. Re8# 1-0

[Event "AUTO-OPEN-839"]
[Site "http://www.queenalice.com/game.php?id=275919"]
[Date "2007.9.23"]
[Round "1"]
[White "Camaraujo"]
[Black "Lopestg"]
[Result "1-0"]
[WhiteElo "1613"]
[BlackElo "1571"]

1. e4 e6 2. Nf3 a6 3. c4 Nc6 4. Nc3 Qf6 5. b3 Nb4 6. Bb2 Nh6 7. Nb5 Qd8 8. Nbd4
Bc5 9. a3 Bxd4 10. Nxd4 e5 11. Nf3 Nc6 12. Nxe5 Qf6 13. d4 d6 14. Nxc6 bxc6 15.
Qc2 O-O 16. d5 Qg5 17. dxc6 f6 18. b4 a5 19. h4 Qg4 20. bxa5 Rxa5 21. Bc1 Re5
22. Bxh6 Rxe4+ 23. Be3 Ba6 24. c5 Bc4 25. cxd6 cxd6 26. Rc1 Ra8 27. Bxc4+ Rxc4
28. Qxc4+ Qxc4 29. Rxc4 Rxa3 30. c7 Ra1+ 31. Ke2 Rxh1 32. c8=Q+ Kf7 33. Qd7+ Kg6
34. Qe8+ Kf5 35. g4# 1-0

[Event "Challenge"]
[Site "http://www.queenalice.com/game.php?id=288486"]
[Date "2007.10.18"]
[Round "-"]
[White "Lopestg"]
[Black "technicaldraw"]
[Result "1-0"]
[WhiteElo "1552"]
[BlackElo "1916"]

1. e4 e6 2. a3 d5 3. e5 c5 4. Bb5+ Bd7 5. a4 a6 6. Be2 Nc6 7. f4 f6 8. Nf3 Be7
9. O-O Qc7 10. c4 d4 11. d3 fxe5 12. fxe5 Nxe5 13. Bf4 Bd6 14. g3 Nxf3+ 15. Rxf3
Bxf4 16. Rxf4 Nf6 17. Bh5+ Nxh5 18. Qxh5+ g6 19. Qg5 Qd8 20. Qe5 1-0

[Event "Challenge"]
[Site "http://www.queenalice.com/game.php?id=288713"]
[Date "2007.10.18"]
[Round "-"]
[White "fbn"]
[Black "Lopestg"]
[Result "1-0"]
[WhiteElo "1660"]
[BlackElo "1584"]

1. e4 e6 2. Nf3 d5 3. e5 a6 4. d4 Nc6 5. a3 h6 6. c3 f6 7. Qd3 f5 8. b4 h5 9.
Bg5 Be7 10. Bxe7 Qxe7 11. Qe3 b5 12. a4 bxa4 13. Rxa4 a5 14. b5 Nb8 15. Qc1 c5
16. b6 cxd4 17. cxd4 Qd7 18. Qc2 Nc6 19. Bb5 Ba6 20. Bxc6 1-0

[Event "Challenge"]
[Site "http://www.queenalice.com/game.php?id=292276"]
[Date "2007.10.24"]
[Round "-"]
[White "Lopestg"]
[Black "fbn"]
[Result "0-1"]
[WhiteElo "1571"]
[BlackElo "1673"]

1. e4 e6 2. d4 d5 3. Qf3 dxe4 4. Qxe4 Qd5 5. Qxd5 exd5 6. Bf4 Nc6 7. Ne2 Nb4 8.
Na3 c6 9. c3 Nd3+ 10. Kd2 Nxb2 11. Rb1 Bxa3 12. Be5 f6 13. Bf4 Nd3 14. Kxd3 Bf5+
15. Kd2 Bxb1 16. g4 Bxa2 17. g5 Bc4 18. gxf6 Nxf6 19. Be5 Ne4+ 20. Ke1 Rg8 21.
f3 Ng5 22. f4 Nf3+ 23. Kf2 Nd2 24. Rg1 g6 25. h4 Ne4+ 26. Kf3 Bxe2+ 27. Bxe2
Nxc3 28. h5 Ke7 29. hxg6 Rxg6 30. Rxg6 hxg6 31. Bd3 Bd6 32. Bxg6 Bxe5 33. fxe5
b5 34. Kf4 a5 35. Kf5 a4 36. e6 a3 37. Ke5 a2 38. Bh5 a1=Q 39. Bf3 b4 40. Bxd5
cxd5 41. Kf5 Qf1+ 42. Ke5 Qf6# 0-1

[Event "Challenge"]
[Site "http://www.queenalice.com/game.php?id=293855"]
[Date "2007.10.27"]
[Round "-"]
[White "Lopestg"]
[Black "danniel"]
[Result "1-0"]
[WhiteElo "1616"]
[BlackElo "1519"]

1. e4 e6 2. a3 Qf6 3. Nh3 d5 4. Qe2 e5 5. exd5 h5 6. d3 Bxh3 7. gxh3 Bc5 8. Nc3
Nd7 9. Nb5 O-O-O 10. Be3 Qb6 11. a4 Qa5+ 12. c3 b6 13. d4 Bd6 14. dxe5 Bxe5 15.
f4 Bf6 16. Bg2 Nh6 17. Qxh5 g6 18. Qe2 Rde8 19. d6 Nf5 20. O-O Rxe3 21. Qc4 c5
22. Qxf7 Re7 23. dxe7 Bxe7 24. Qxg6 Rf8 25. Qc6+ Kd8 26. Qa8+ Nb8 27. Qxb8+ Kd7
28. Rfd1+ Ke6 29. Qe5+ Kf7 30. Qxf5+ Kg7 31. Qe5+ Bf6 32. Rd7+ Rf7 33. Rxf7+
Kxf7 34. Bd5+ Kg7 35. Qc7+ Kg6 36. Qf7+ Kh6 37. Qxf6+ Kh7 38. Bf7 Qa6 39. Qg6+
Kh8 40. Qg8# 1-0

[Event "AUTO-OPEN-881"]
[Site "http://www.queenalice.com/game.php?id=294482"]
[Date "2007.10.28"]
[Round "1"]
[White "sanisk"]
[Black "Lopestg"]
[Result "1-0"]
[WhiteElo "1405"]
[BlackElo "1628"]

1. e4 e6 2. d3 Qf6 3. Nf3 h6 4. g3 Nc6 5. Bg2 a5 6. Nc3 Bb4 7. O-O Bxc3 8. bxc3
Qxc3 9. Bd2 Qa3 10. Bf4 e5 11. Bxe5 f6 12. Bxc7 Qc3 13. a3 Nge7 14. Bd6 Nd4 15.
Nxd4 Qxd4 16. Qh5+ g6 17. Qf3 Qxd6 18. Rfe1 Ra6 19. Bh3 O-O 20. Bf1 1-0

[Event "AUTO-OPEN-881"]
[Site "http://www.queenalice.com/game.php?id=294483"]
[Date "2007.10.28"]
[Round "1"]
[White "Lopestg"]
[Black "sanisk"]
[Result "0-1"]
[WhiteElo "1628"]
[BlackElo "1356"]

1. e4 e5 2. Qf3 Nf6 3. Nh3 h6 4. a3 Be7 5. Nc3 O-O 6. Bd3 Nc6 7. O-O d6 8. Nd5
Nd4 9. Qd1 Bg4 10. Qe1 c6 11. Nxf6+ Bxf6 12. c3 Bxh3 13. gxh3 Nf3+ 0-1

[Event "AUTO-OPEN-881"]
[Site "http://www.queenalice.com/game.php?id=294526"]
[Date "2007.10.28"]
[Round "1"]
[White "Lopestg"]
[Black "gdan"]
[Result "0-1"]
[WhiteElo "1630"]
[BlackElo "2013"]

1. e4 c6 2. c3 d5 3. Qe2 d4 4. c4 c5 5. h3 Nc6 6. Nf3 Nb4 7. Na3 f6 8. d3 e5 9.
g4 h6 10. Nh4 Ne7 11. Bd2 g5 12. Nf5 Nxf5 13. exf5 Bd7 14. Qe4 Bc6 15. Qe2 Bxh1
16. Bxb4 cxb4 17. Nc2 Qc7 18. Nxb4 Bxb4+ 19. Kd1 Qc6 20. a3 Bf3 0-1

[Event "AUTO-OPEN-881"]
[Site "http://www.queenalice.com/game.php?id=294527"]
[Date "2007.10.28"]
[Round "1"]
[White "gdan"]
[Black "Lopestg"]
[Result "1-0"]
[WhiteElo "2015"]
[BlackElo "1601"]

1. e4 e6 2. d4 d6 3. Nc3 h6 4. Bd3 Nf6 5. f4 a6 6. e5 dxe5 7. fxe5 Nd5 8. Nf3
Bb4 9. O-O Bxc3 10. bxc3 Nxc3 11. Qd2 Nd5 12. c4 Nb6 13. Ba3 f6 14. exf6 Qxf6
15. Ne5 Qh4 16. Bg6+ Kd8 17. Nf7+ Kd7 18. Nxh8 Nxc4 19. Rf7+ Kc6 20. Rc1 b5 21.
g3 Qh3 22. Be4+ Kb6 23. Rxc4 Qg4 24. Bc5# 1-0